| 000 | 00748cam a2200229 4500 | ||
|---|---|---|---|
| 001 | ABS68610 | ||
| 008 | 050120n2005 000 0 eng u | ||
| 035 | _a(Sirsi) u128554 | ||
| 100 | _aWood, B. | ||
| 245 | _aFollow the template | ||
| 260 | _c2005 | ||
| 490 |
_aWastes Management _vJanuary 2005, 40-41(2) |
||
| 520 | _aDescribes EcoTemplate, a framework for developing environmentally and socially responsible warehousing, developed by a leading European logistics property developer. | ||
| 590 | _aABS | ||
| 590 | _aABS | ||
| 650 | _aWAREHOUSE DEVELOPMENT | ||
| 650 | _aWAREHOUSE DESIGN | ||
| 650 | _aENVIRONMENTALLY-FRIENDLY CONSTRUCTION | ||
| 650 | _aLOGISTICS | ||
| 690 | _aBUILDING AND CONSTRUCTION-SUSTAINABLE | ||
| 942 | _n0 | ||
| 999 |
_c118483 _d118483 |
||